000
00302nam a22001337a 4500
008
170907b xxu||||| |||| 00| 0 eng d
020
_a
0948507292
041
_a
eng
080
_a
72
100
_a
41
101
_a
NDI
245
_a
THE CHANGING FACE OF MANUFACTURING
_c
COLLINS, J.A
942
_2
udc
_c
BK
999
_c
26565
_d
26565